Honran a un simple palabrero /

Sin resumen

Guardado en:
Bibliografiske detaljer
Hovedforfatter: Gutiérrez Mangel, Joaquín
Format: Texto
Fag:
Tags: Tilføj Tag
Ingen Tags, Vær først til at tagge denne postø!

MARC

LEADER 00000 a a2200000 04500
001 13447
003
040
100 |a Gutiérrez Mangel, Joaquín  
245 |a Honran a un simple palabrero /  |c Joaquín Gutiérrez Mangel 
520 |a Sin resumen  
650 |a BIOGRAFIAS  
650 |a VALORES CULTURALES  
773 |g número 4; páginas 11-13  
999 |c 26090  |d 26090